LEADER 01386nam 2200397Ka 450 001 9910697377503321 005 20080807153554.0 035 $a(CKB)5470000002387155 035 $a(OCoLC)240704467 035 $a(EXLCZ)995470000002387155 100 $a20080807d2006 ua 0 101 0 $aeng 181 $ctxt$2rdacontent 182 $cc$2rdamedia 183 $acr$2rdacarrier 200 10$aDriver alcohol involvement in fatal crashes by age group and vehicle type$b[electronic resource] /$fTimothy M. Pickrell 210 1$aWashington, D.C. :$cNHTSA's National Center for Statistics and Analysis,$d[2006] 215 $a6 pages $cdigital, PDF file 225 1 $aTraffic safety facts. Research note 300 $aTitle from title screen (viewed on Aug. 7, 2008). 300 $a"July 2006." 300 $a"DOT HS 810 598." 606 $aBlood alcohol$vStatistics 606 $aTraffic fatalities$zUnited States$vStatistics 606 $aMotor vehicle drivers$zUnited States$vStatistics 608 $aStatistics.$2lcgft 615 0$aBlood alcohol 615 0$aTraffic fatalities 615 0$aMotor vehicle drivers 700 $aPickrell$b Timothy M$01391597 801 0$bGPO 801 1$bGPO 906 $aBOOK 912 $a9910697377503321 996 $aDriver alcohol involvement in fatal crashes by age group and vehicle type$93445531 997 $aUNINA